Quizzes
Events
Quiz Creation
Community
Videos
Private Events
Remove Ads
Sign In
Join for FREE
Feedback
Dark Mode
Quiz Categories
Sports
Geography
Music
Movies
Television
Just For Fun
Miscellaneous
History
Literature
Language
Science
Gaming
Entertainment
Religion
Holiday
For Kids
Quiz Lab
Recent
Popular Today
Quiz Kudos Today
Editor Picks
Curator Picks
Quizzes by...
Day
Popularity
Type
Ratings
Length
Year
Community
Subscriptions
Recent Discussions
Orange Saloon
Badges
Playlists
Quests
Create
Leaderboards
Showdown
Live 5
Trivia Bingo
Activity
Puzzle Library
Sporcle Events
Private Events
Virtual Trivia
Globe League
Become a Host
Pub Owners
SporcleCon
Opinionation
Our Games
Videos
Blog
Mobile Apps
Partnerships
Remove Ads and Go Orange
Feedback
Television
TV Characters
TV Show
Sitcom
Network
Friends
Reality Shows
Cast
South Park
Star Trek
The Simpsons
Doctor Who
Television
TV Characters
TV Show
Sitcom
Network
Friends
Reality Shows
Cast
South Park
Star Trek
The Simpsons
Doctor Who
Random Quiz
Search Sporcle
×
Quiz Lab
Quiz Lab
Television
regular
Type in answers that appear in a list
Type in answers that appear in a list
Classic
Best Score? Go Orange.
TV Police Officers Stats
Name the TV crime series the following police officers appear in as regular or recurring characters.
By
jkarlsson
10m
20 Questions
82 Plays
82 Plays
82 Plays
Comments
Comments
Give Quiz Kudos
Give Quiz Kudos
-
- Ratings
hide this ad
Replay
Link that replays current quiz
Next Quiz
Link to next quiz in quiz playlist
You Got
0%
They Got
Avg Score
19%
Avg Friend Score
Upgrade to see
Score Distribution
Jump to the score distribution portion of the page
Score
0/20
Timer
10:00
0
Plays Today
Police Officer
Series
% Correct
DCI Greg Lestrade
Sherlock
47.6%
Inspector Steve McGarrett
Hawaii Five-O
46.3%
Captain Leland Stottlemeyer
Monk
43.9%
Detective Jimmy McNulty
The Wire
35.4%
Inspector James Japp
Poirot
23.2%
Sheriff Amos Tupper
Murder, She Wrote
22%
DCI Jane Tennison
Prime Suspect
22%
Captain Thomas Gregson
Elementary
20.7%
Constable Benton Fraser
Due South
18.3%
Sheriff Harry S. Truman
Twin Peaks
15.9%
Police Officer
Series
% Correct
WPC/
DC Annie Cartwright
Life on Mars
15.9%
DCI Alex Drake
Ashes to Ashes
14.6%
Sergeant Camille Bordey
Death in Paradise
14.6%
Inspector Slack
Miss Marple
13.4%
Inspector Sarah Lund
Forbrydelsen
11%
DS Jane Penhaligon
Cracker
8.5%
Lieutenant Arthur Tragg
Perry Mason
7.3%
Ispettore Giuseppe Fazio
Il Commisario Montalbano
7.3%
Lieutenant Gilles Escoffier
Engrenages
4.9%
Inspector Claude Eustace Teale
The Saint
3.7%
Quiz Playlist
Details
Report
Send in Message
Add To Playlist
Classic:
Type in answers that appear in a list
Last Updated: Feb 16, 2017
Quiz Scoreboard
CHALLENGE
Sign Up to Join the Scoreboard
Show All
Scores
Hide
Comments
May contain spoilers
Recently Published
9x9 Crossword: Cartoon Network
by jackfrog10
Miscellaneous
3m
College Basketball Coaching Resumes
by pancakes188
Sports
9m
Billboard Blitz: Fleetwood Mac
by CooCooCachoo
Music
15s
More to Explore
Quiz From the Vault
Featured Blog Post
Where Did the Easter Bunny Come From?
hide this ad
You Might Also Like...
Tags
Character
crime
Officer
police
Recurring
regular
Today's Top Quizzes in Television
Browse Television
hide this ad
Today's Top Quizzes in regular
Browse regular
Top Contributed Quizzes in Television
1
5-to-1: The Simpsons Families
2
5-to-1: Television Doctors
3
7-to-1: TV Show Settings
4
Adjectives in 00s TV Shows
5
Adjectives in 80s TV Shows
6
5-to-1: Streaming Originals
7
Adjectives in 10s TV Shows
8
Survivor Seasons
9
One Piece Logic Puzzle
10
All US Survivor Seasons in Order
Explore More
Trending Topics
Kpop
Crossword
Disney
NBA
Marvel
Harry Potter
Anime
The Office
Country
Soccer
Pokémon
Song
NFL
Puzzle
WWE
hide this ad
More By:
jkarlsson
Quiz
Plays
Rating
Category
Featured
Created
Bond Girl by Quote
154
4.00
Movies
Jan 20, 2014
TV Police Officers
82
1.00
Television
Jan 18, 2014
Doctor Who Cliffhangers
55
Television
Jan 18, 2014
Fictional Organizations
53
5.00
Television
Jan 18, 2014
St Trinian's Films
50
5.00
Movies
Jan 18, 2014
Go to Creator's Profile
Score Distribution
Quiz Creator Spotlight
jkarlsson
Follow
Send a Message
Quizzes Created
-
Created Quiz Play Count
-
More By This Creator
Popular Quizzes Today
1
Find the US States - No Outlines Minefield
2
Find the Countries of Europe - No Outlines Minefield
3
The Countries of the World
4
Find the US States
5
Risky Map Clicking: Biggest States A-Z
6
US States
7
Popular People in 1961
8
Movies - When Are They Set?
More Television Quizzes
Prepositions in TV Shows
Published
Trending Quizzes
Risky Map Clicking: Least Populous States A-Z
1-10 Letter G Words
Risky Map Clicking: Next State Alphabetically
Adjectives in 80s TV Shows
Risky Map Clicking: Biggest States A-Z
Recently Updated
Leaping Animals
pecheneg
Reality TV Shows (A-Z)
bhenderson79
Rickey Henderson's Hall of Fame Teammates
pecheneg
Champions League XIs: Arsenal
pecheneg
Quick Pick: Celebrities in WWE's Hall of Fame
aduchscher
A-Z Keypad Blitz II
pecheneg
Multiple Oscar Actors
pecheneg
Mystery Phrase Blitz: Oscar 'Best Actors'
pecheneg
F. Scott Fitzgerald Novels
LTH
Pick 3 Villains
ddd62291
Trending Topics
NBA
Kpop
Disney
Marvel
Crossword
Harry Potter
Anime
Soccer
The Office
WWE
Pokémon
Country
Song
NFL
Puzzle
Your Account Isn't Verified!
In order to create a playlist on Sporcle, you need to verify the email address you used during registration. Go to your
Sporcle Settings
to finish the process.
Report this User
Report this user for behavior that violates our
Community Guidelines
.
Details:
Send Report
Go to the Sporcle.com Mobile Site →
Comments